Breve teología para laicos

Kaydedildi:
Detaylı Bibliyografya
Yazar: Rudloff, León von (Yazar)
Materyal Türü: Kitap
Dil:İspanyolca
Baskı/Yayın Bilgisi: Buenos Aires Ediciones Desclée de Brouwer 1947
Edisyon:1a. ed
Konular:
Etiketler: Etiketle
Etiket eklenmemiş, İlk siz ekleyin!

MARC

LEADER 00000cam a2200000 a 4500
001 UCE1356
003 CL-VaPUC
008 140407e19470000ag |||||||||||||||||spa|d
082 0 4 |a 200.1  |b RUD  |2 21 
100 0 |a Rudloff, León von  |e author  |9 573663 
245 1 0 |a Breve teología para laicos 
250 |a 1a. ed 
300 |a 254 p 
942 |c BK 
945 |d 20140407 11:30:00  |a dcastane 
260 |a Buenos Aires  |b Ediciones Desclée de Brouwer  |c 1947 
650 0 |a Laicos  |9 255625 
650 0 |a Teología   |9 258766 
650 0 |a Redención  |9 314279 
650 0 |a Trinidad   |9 313197 
650 0 |a Sacramentos   |9 257270 
583 |a last modification  |c 20140407 11:30:00  |k Rodrigo Vera 
999 |c 355155  |d 355153 
952 |0 0  |1 0  |3 erb  |4 0  |6 200_100000000000000_RUD_1947  |7 0  |8 A  |9 461544  |a BIBTEO  |b BIBTEO  |i 5050359  |o 200.1 RUD 1947  |p 5050359  |r 2025-01-17  |w 2019-11-23  |y BK  |z Catalogado en:20140407  |k ICR